00558nam a2200181Ia 4500003000500000008004100005020001800046040001900064082000700083100002200090245007000112260003200182300000800214546001200222942001200234999001700246952011300263STCL181203s9999 xx 000 0 und d a9780099598169 aSTCLbENcSTCL 222 aPirsig, Robert M. 0aZen and the Art of Motorcycle Maintenance: An Enquiry into Values bVintage BooksaLondonc2004 a417 aEnglish 2ddccBK c87003d87003 00102ddc4070aSTCALbSTCALcGENd2018-12-03l0o917.304 PIR-Zp95632r2018-12-03 00:00:00w2018-12-03yBK